000 00571nam a2200229Ia 4500
003 OSt
005 20221005122451.0
006 a|||||r|||| 00| 0
007 ta
008 221004b |||||||| |||| 00| 0 mal d
024 _a55402
037 _cTextual
040 _aCRL
_cCRL
_bmal
041 _2mal
_amal
082 _aO32,2NGK,1, J6
100 _aN.Govindankutty
_9632042
245 0 _aJyeshtan
260 _c1956
650 _aMALAYALAM DRAMA
_9207189
942 _hO32,2NGK,1, J6
_cTEXL
_2cc
999 _c1044390
_d1044390